000 00874nam a22002537a 4500
003 BD-DhSAU
005 20211003130046.0
008 210929b |||||||| |||| 00| 0 eng d
040 _aBD-DhSAU
082 _222
_a635
_bIs41
100 _aISLAM , MD. RIAZUL
_eRegistration No.:# 13-05328
245 _aRole of calcium to mitigate salt stress in chilli /
_bMs Thesis
260 _aSher-e-bangla Agricultural University Dhaka 1207;
_bDepartment of Horticulture;
_c2020;
300 _avii;
_b73p.;
_c30cm.;
500 _aIncluding Index.;
590 _anazmul
600 _qrole of calcium
610 _amitigate salt stress
650 _achilli
700 _aMd. Dulal Sarkar
_eSupervisor
710 _aProf. Dr. Md. Nazrul Islam
_eCo-Supervisor
856 _yOnline Access
_uhttp://archive.saulibrary.edu.bd:8080/xmlui/handle/123456789/3524
942 _2ddc
_cTHESIS
999 _c15486
_d15485